Reports on Philosophy No. 7
Uložené v:
| Ďalší autori: | |
|---|---|
| Médium: | Kniha |
| Jazyk: | Polish |
| Vydané: |
Warszawa Kraków :
Państwowe Wydawnictvo Naukowe,
1983.
|
| Vydanie: | 1. wyd. |
| ISBN: |
(brož.) |
| Fyzický popis: |
120 s. |
| Tagy: |
Pridať tag
Žiadne tagy, Buďte prvý kto otaguje tento záznam!
|
Titul je dostupný aj v ... 

MARC
| LEADER | 00000nam a22000004a 4500 | ||
|---|---|---|---|
| 001 | 000389727 | ||
| 005 | 20120709191928.0 | ||
| 008 | 120709s19831983pl e 000 0 pol d | ||
| 020 | |a (brož.) |c Kčs 15,00 | ||
| 040 | |a SVKKK |b slo |c SVKKK |e AACR2 | ||
| 041 | 0 | |a pol | |
| 044 | |a pl |c PL | ||
| 245 | 0 | 0 | |a Reports on Philosophy |n No. 7 |c edit. Zbugniew Kuderowicz. |
| 250 | |a 1. wyd. | ||
| 260 | |a Warszawa |a Kraków : |b Państwowe Wydawnictvo Naukowe, |c 1983. | ||
| 300 | |a 120 s. | ||
| 700 | 1 | |a Kuderowicz, Zbigniew |4 edt | |
| 910 | |a svkkk | ||
| 998 | |a BK | ||
| 090 | |g SCKHL |k Sklad Pribinova prízemie |a IV.137851 |j 751451 |i B245816 |s Absenčne | ||